000 00498nam a2200145Ia 4500
005 20250306015522.0
008 240331s9999 xx 000 0 und d
082 _bDES
_a954
100 _aDa Silva, O.M
245 0 _aVikrama Bahu of Kandy :
_bthe portuguese and the Franciscans (1542-1551)
260 _aColombo
_bM.D.Gunasena & Co., Ltd
_c1967
300 _aXV, 110 p .,T
500 _aThis book, which deals with an early phase of the Kandyan Kingdom relates the attempts of its king,
942 _cL
999 _c3549
_d3549